000 00765nam a2200205Ia 4500
003 GCL
008 140319s9999 xx 000 0 ara d
040 _aGCL /
_cGCL
082 0 4 _aق
_b913.031
_bك ك
100 1 _aعبدالعزيز صالح
245 1 0 _aالكتاب الذهبى للاحتفال بالدراسات الاثارية بجامعة القاهرة: عدد خاص من مجلة كلية الاثار /
_cعبدالعزيز صالح
260 _a[S.N] :
_bجامعة القاهرة ،
_c1978
300 _a149ص
490 _a
650 0 4 _aالحضارة الفرعونية
650 0 4 _aالاثار الفرعونية
650 0 4 _aالعمارة المصرية القديمة
650 0 4 _aالاثار الشرقية
942 _2ddc
_cBK
999 _c30642
_d30642